| 000 | 01133nam a2200349 b 4500 | ||
|---|---|---|---|
| 001 | 00893 | ||
| 003 | DO-SdBNP | ||
| 005 | 20171214114811.0 | ||
| 007 | 00893 | ||
| 008 | 980622s2007 mx | ||| ||spa | ||
| 016 | 7 |
_a _2BPMSU |
|
| 017 |
_a _b |
||
| 020 | _a9789707708570 | ||
| 035 | _a | ||
| 040 |
_aBPMSU _bspa _cBPMSU _e |
||
| 080 | 0 | _a | |
| 082 |
_a104 _bF399a |
||
| 100 |
_aFerry, Luc, _d1951- |
||
| 111 | 2 |
_aConcurso de Experiencias Escolares _n19º _d1997 _cMadrid |
|
| 245 | 1 | 0 |
_aAprender a vivir juntos : _h _bfilosofía para mentes jóvenes / _c Luc Ferry ; tradución de Sandra Chaparro Martínez. |
| 260 |
_aMadrid : _bTaurus, _c2007 |
||
| 300 |
_a133 p. : _bil.; _c23 cm |
||
| 490 |
_aTaurus _a pensamiento |
||
| 650 | 7 |
_aFILOSOFÍA- ENSAYOS, CONFERENCIAS, etc _x _2 |
|
| 650 | 7 |
_aHISTORIA DE LA FILOSOFÍA _vENSAYOS, CONFERENCIAS, etc |
|
| 650 | 7 |
_aCOSMOLOGÍA _vENSAYOS, CONFERENCIAS, etc |
|
| 700 |
_aChaparro Martínez, Sandra, _etr. |
||
| 830 |
_aTaurus _ppensamiento |
||
| 942 |
_2ddc _cBK |
||
| 945 | _ainventariado extranjero / DG | ||
| 956 |
_a VMATEO _b10 _c20160805 _dBPMSU _f0069 |
||
| 999 |
_c11102 _d11102 |
||